000 00671nam a2200193Ia 4500
008 151121s9999||||xx |||||||||||||| ||und||
082 _a785/शर्मा
082 _bHNW-58568
100 _aशर्मा नंदलाल
245 _aम्यूजिक मास्टर
260 _b"संगीत कार्यालय, हाथरस,उत्तरप्रदेश"
260 _c--
300 _a174
600 _aशर्मा नंदलाल
630 _aम्यूजिक मास्टर
700 _aशर्मा नंदलाल
730 _aम्यूजिक मास्टर
942 _cBOOK
999 _c1240377
_d1240374